000 00567nam a2200217Ia 4500
005 20250508165104.0
008 008 250505s9999 xx 000 0 eng d
020 _a81-7011-528-0
037 _aTextual
040 _aFEDL
_beng
_cFEDL
041 _aeng
_2eng
084 _a954, SHA
_qFEDL
100 _aSharma R S
245 0 _aIn defence of "ancient India"
260 _aNew Delhi, India
_bPeople's Publishing House
_c1978
300 _a30p.
365 _aINR
_b10
546 _aMACESE
942 _cTEXL
_h954, SHA
999 _c1393092
_d1393092